000 00378nam a2200145Ia 4500
999 _c9786
_d9786
003 OSt
005 20220303105213.0
008 220112s9999||||xx |||||||||||||| ||und||
020 _a9789812455291
082 _222
_a728.37
_bBRO
100 _aBroto, Carles
_d1959-
245 0 _aBig possibilities in small dimensions
260 _aSingapore
_bPage One Publishing
_c2007
942 _2ddc